000 00767nac a22002051u 4500
020 _a9211005701
082 _a341.23
_bUNI
090 _c9974
_d9974
100 _a20080729
245 _aBasic facts about the United Nations/
_cUnited Nations.Dept. of Public Information
260 _aNew York :
_b United Nations Dept. of Public Information, 1995
_c1995
300 _a341 p.;
_c20 cm.
500 _aDonations
500 _aDonations: AUC
511 _aCatalogued by: wessam
610 _aUnited Nations
_x Miscellanea
710 _aUnited Nations
_bDept. of Public Information
942 _cBB
_k341.23UNI
999 _c9974
_d9974